Gaming Quiz

Random Gaming or Video Games Quiz

Pokémon Recoil Moves Quiz Stats

 Plays Quiz Updated Feb 21, 2020

Support Sporcle.
Go Orange.
Score 0/10 Timer 03:00
4 Plays Today
Type Move % Correct
NormalTake Down
81.6%
FlyingBrave Bird
75.6%
NormalDouble-Edge
73.9%
FireFlare Blitz
71.9%
ElectricVolt Tackle
67%
ElectricWild Charge
56.9%
RockHead Smash
51.9%
FightingSubmission
46.9%
GrassWood Hammer
45.6%
NormalHead Charge
27.5%

From the Vault

The Muppet Show Guest Stars

by midlifecrisis

It's time to play the music! It's time to light the lights! It's time to meet the muppets on the Muppet Show tonight!
Remove Ads.
Support Sporcle.
Get the best of Sporcle when you Go Orange. This ad-free experience offers more features, more stats, and more fun while also helping to support Sporcle. Thank you for becoming a member.

Show Comments

Extras

Top Quizzes Today


Score Distribution

Your Account Isn't Verified!

In order to create a playlist on Sporcle, you need to verify the email address you used during registration. Go to your Sporcle Settings to finish the process.

Report this User

Report this user for behavior that violates our Community Guidelines.

Details: